| 000 | 00475 a2200145 4500 | ||
|---|---|---|---|
| 999 |
_c6866 _d6866 |
||
| 020 | _a038547041X | ||
| 050 | _aB72COP1993 | ||
| 100 |
_aCopleston , Frederick S.J _eauthor |
||
| 245 |
_aA history of philosophy. Volume IV: _bModern Philosophy:From Descartes to Leibniz / _cFrederick S J Copleston |
||
| 264 |
_aNew York : _bAn Image Book, _c1993 |
||
| 300 | _a368p. : | ||
| 500 | _aincludes table of contents | ||
| 650 | _a Filosofa̕ -- Historia. | ||
| 942 |
_2lcc _cBK _h72 _iCOP _kB |
||